| 000 | 01422nam a2200361 c 4500 | ||
|---|---|---|---|
| 003 | BLK | ||
| 005 | 20181110142433.0 | ||
| 008 | 180409b bul|||||r ||||||| ||bul|| | ||
| 010 | _aKNG00140355000 | ||
| 020 |
_a978-954-28-1025-4 _bиздат.: Сиела Норма |
||
| 040 | _aBLK | ||
| 041 |
_aBUL _cBUL |
||
| 072 | 7 |
_2bullib _aН34 _xПраво Н |
|
| 080 |
_aИнтелектуална собственост (право) _b347.77/.78 _x _z347.77/.78 |
||
| 100 | 1 |
_aДацов, Пламен Христов _eпърви автор _9324411 |
|
| 700 | 1 |
_aПетров, Петър _eсъавт. _9363622 |
|
| 139 |
_aДацов, Пламен Христов и др. _bД 24 |
||
| 245 | 1 | 0 |
_aПрестъпления против интелектуалната собственост _cПламен Христов Дацов; съавт. Петър Петров. |
| 257 | _aBGR | ||
| 260 |
_аСофия _bСиела Норма _c2011 |
||
| 300 |
_a679 с. _c21 см |
||
| 380 | _a3 | ||
| 500 | _aБиблиогр. с. 662-677. | ||
| 650 | 4 |
_aИнтелектуална собственост - правни проблеми _9271688 |
|
| 653 | _aинтелектуална собственост | ||
| 653 | _aпрестъпления | ||
| 659 | _aН | ||
| 852 | _aЦб 258631 | ||
| 856 | 4 |
_qpdf _u |
|
| 856 | 4 |
_qpdf _u |
|
| 942 |
_cKNG _n0 _01 |
||
| 944 |
_aCR _c06.03.2013 _lф / _kЛюдмила_Стоянова |
||
| 944 |
_aED _c22.03.2013 _lф / _k |
||
| 999 |
_c134441 _d134441 |
||